[Event "Mittelfranken-EM (HT) 2009/10 59th"]
[Site "Forchheim (30.3.-3.4)"]
[Date "2010.03.30"]
[Round "1.8"]
[White "Suess, Stefan(87)"]
[Black "Miller, Eduard"]
[Result "1/2-1/2"]
[WhiteElo "1929"]
[BlackElo "2055"]
[PlyCount "61"]
[EventDate "2010.04.??"]
[EventType "swiss"]
[EventRounds "9"]
[SourceDate "2010.07.06"]
[WhiteTeam "Nürnberg-NT SC"]
[BlackTeam "Forchheim SC"]

1. e4 c5 2. Nf3 d6 3. d4 cxd4 4. Nxd4 Nf6 5. Nc3 a6 6. Be3 e6 7. a4 Be7 8. Be2
Nbd7 9. O-O O-O 10. f4 b6 11. Nc6 Qe8 12. Nxe7+ Qxe7 13. Bf3 Rb8 14. Qe1 Bb7
15. Rd1 Rfd8 16. Qg3 Nc5 17. Bd4 Ne8 18. f5 b5 19. Rde1 b4 20. fxe6 fxe6 21.
Nd5 exd5 22. exd5 Qc7 23. Qg5 Rd7 24. Bh5 g6 25. Bxg6 hxg6 26. Qxg6+ Ng7 27.
Bxg7 Rxg7 28. Re8+ Rxe8 29. Qxe8+ Kh7 30. Qh5+ Kg8 31. Qe8+ 1/2-1/2

[Event "Mittelfranken-EM (HT) 2009/10 59th"]
[Site "Forchheim (30.3.-3.4)"]
[Date "2010.03.30"]
[Round "2.7"]
[White "Miller, Eduard"]
[Black "Werner, Thomas(65)"]
[Result "1-0"]
[WhiteElo "2055"]
[BlackElo "1868"]
[PlyCount "103"]
[EventDate "2010.04.??"]
[EventType "swiss"]
[EventRounds "9"]
[SourceDate "2010.07.06"]
[WhiteTeam "Forchheim SC"]
[BlackTeam "Nürnberg-Süd SW"]

1. c4 c6 2. Nf3 d5 3. cxd5 cxd5 4. b3 Nc6 5. Bb2 Bg4 6. g3 Qd7 7. h3 Bxf3 8.
exf3 e5 9. Bg2 Nf6 10. O-O Bd6 11. d4 O-O 12. dxe5 Bxe5 13. Bxe5 Nxe5 14. Nc3
Nc6 15. Qd2 Rfe8 16. Rad1 Rad8 17. Rfe1 Rxe1+ 18. Qxe1 d4 19. Ne4 Nxe4 20. fxe4
Qd6 21. Qe2 Qc5 22. Bf1 Kf8 23. Qc4 Qh5 24. Rd2 Qa5 25. Qc1 a6 26. Kg2 Qe5 27.
f3 Na7 28. Bc4 Qc5 29. Rc2 Qb6 30. Qa3+ Ke8 31. Bd5 Nb5 32. Qa4 d3 33. Rf2 Qe3
34. Qa5 Rc8 35. Bc4 Nd6 36. Qe5+ Kd7 37. Qxg7 Nxc4 38. Qxf7+ Kd8 39. bxc4 Rc7
40. Qg8+ Kd7 41. Qxh7+ Kc6 42. Qg6+ Kc5 43. Qe6 Rc6 44. Qd5+ Kb4 45. c5 Rxc5
46. Qb3+ Ka5 47. Qxb7 Rb5 48. Qc7+ Ka4 49. Qc4+ Ka5 50. Qc3+ Kb6 51. Rd2 Rb1
52. h4 1-0

[Event "Mittelfranken-EM (HT) 2009/10 59th"]
[Site "Forchheim (30.3.-3.4)"]
[Date "2010.03.31"]
[Round "3.4"]
[White "Rosin, Ralf"]
[Black "Miller, Eduard"]
[Result "1/2-1/2"]
[WhiteElo "2008"]
[BlackElo "2055"]
[PlyCount "49"]
[EventDate "2010.04.??"]
[EventType "swiss"]
[EventRounds "9"]
[SourceDate "2010.07.06"]
[WhiteTeam "Großenseebach FSV"]
[BlackTeam "Forchheim SC"]

1. e4 c5 2. f4 a6 3. Nf3 e6 4. d3 d5 5. Nc3 b5 6. g3 Bb7 7. exd5 exd5 8. Bg2
Nf6 9. O-O Be7 10. Qe2 O-O 11. Bd2 b4 12. Nd1 Re8 13. Ne3 Bd6 14. Qd1 Nbd7 15.
a3 a5 16. axb4 axb4 17. Rxa8 Qxa8 18. Re1 Bf8 19. h4 d4 20. Nc4 Rxe1+ 21. Nxe1
Bxg2 22. Nxg2 Nd5 23. Kf2 N7b6 24. Nxb6 Nxb6 25. b3 1/2-1/2

[Event "Mittelfranken-EM (HT) 2009/10 59th"]
[Site "Forchheim (30.3.-3.4)"]
[Date "2010.03.31"]
[Round "4.4"]
[White "Miller, Eduard"]
[Black "Meulner, Klaus"]
[Result "0-1"]
[WhiteElo "2055"]
[BlackElo "2102"]
[PlyCount "76"]
[EventDate "2010.04.??"]
[EventType "swiss"]
[EventRounds "9"]
[SourceDate "2010.07.06"]
[WhiteTeam "Forchheim SC"]
[BlackTeam "Nürnberg-Süd SW"]

1. c4 c6 2. Nc3 d5 3. e3 Nf6 4. Nf3 a6 5. b3 Bf5 6. Be2 e6 7. O-O Bd6 8. a4 a5
9. Ba3 Bxa3 10. Rxa3 Ne4 11. Nxe4 dxe4 12. Nd4 Bg6 13. f4 exf3 14. Nxf3 Na6 15.
d4 Nb4 16. Qd2 f6 17. Qc3 O-O 18. Raa1 Qe7 19. Rad1 Rad8 20. Rd2 Rd7 21. Nh4
Be4 22. Bf3 Bxf3 23. Nxf3 Rfd8 24. Rfd1 g5 25. e4 g4 26. Nh4 f5 27. g3 f4 28.
h3 Qg5 29. hxg4 Qxg4 30. Qf3 Rg7 31. Rg2 fxg3 32. Rf1 Qxh4 33. d5 cxd5 34. cxd5
exd5 35. exd5 Qd4+ 36. Kh1 Qxd5 37. Qf6 Qd6 38. Qf5 Rf8 0-1

[Event "Mittelfranken-EM (HT) 2009/10 59th"]
[Site "Forchheim (30.3.-3.4)"]
[Date "2010.04.01"]
[Round "5.7"]
[White "Lais, Thomas"]
[Black "Miller, Eduard"]
[Result "1-0"]
[WhiteElo "1958"]
[BlackElo "2055"]
[PlyCount "59"]
[EventDate "2010.04.??"]
[EventType "swiss"]
[EventRounds "9"]
[SourceDate "2010.07.06"]
[WhiteTeam "Nürnberg-Süd SW"]
[BlackTeam "Forchheim SC"]

1. e4 c5 2. Nf3 d6 3. d4 cxd4 4. Nxd4 Nf6 5. Nc3 g6 6. Be3 Bg7 7. f3 O-O 8. Qd2
Nc6 9. Bc4 Bd7 10. h4 Rb8 11. O-O-O b5 12. Be2 Ne5 13. Bh6 Nc4 14. Bxc4 bxc4
15. h5 Qb6 16. b3 cxb3 17. axb3 Qc5 18. Bxg7 Qa3+ 19. Kb1 Kxg7 20. hxg6 fxg6
21. Nd5 Rf7 22. Nxf6 exf6 23. Rxh7+ Kxh7 24. Rh1+ Kg8 25. Qh6 Rg7 26. Qh8+ Kf7
27. Qxb8 Qc5 28. Rh8 g5 29. Nf5 Bxf5 30. Qe8# 1-0

[Event "Mittelfranken-EM (HT) 2009/10 59th"]
[Site "Forchheim (30.3.-3.4)"]
[Date "2010.04.01"]
[Round "6.12"]
[White "Miller, Eduard"]
[Black "Puehn, Georg"]
[Result "1-0"]
[WhiteElo "2055"]
[BlackElo "1882"]
[PlyCount "57"]
[EventDate "2010.04.??"]
[EventType "swiss"]
[EventRounds "9"]
[SourceDate "2010.07.06"]
[WhiteTeam "Forchheim SC"]
[BlackTeam "Nürnberg-NT SC"]

1. e4 e5 2. Nf3 Nc6 3. d4 exd4 4. Nxd4 Nf6 5. Nc3 Bb4 6. Bg5 h6 7. Bh4 Qe7 8.
Be2 Qxe4 9. Bxf6 gxf6 10. Ndb5 Qe5 11. O-O Kd8 12. Re1 Re8 13. a3 Ba5 14. b4
Bb6 15. Nd5 Qf5 16. Nxb6 axb6 17. Qd2 Re5 18. Bd3 Qh5 19. f4 Rxe1+ 20. Rxe1 d6
21. Qc3 Bd7 22. Qxf6+ Kc8 23. Nd4 Nd8 24. Bf5 Bxf5 25. Re8 Qd1+ 26. Kf2 Qd2+
27. Kg3 Qc3+ 28. Kh4 Kb8 29. Qxd8+ 1-0

[Event "Mittelfranken-EM (HT) 2009/10 59th"]
[Site "Forchheim (30.3.-3.4)"]
[Date "2010.04.02"]
[Round "7.6"]
[White "Ross, Thomas"]
[Black "Miller, Eduard"]
[Result "0-1"]
[WhiteElo "1936"]
[BlackElo "2055"]
[PlyCount "76"]
[EventDate "2010.04.??"]
[EventType "swiss"]
[EventRounds "9"]
[SourceDate "2010.07.06"]
[WhiteTeam "Büchenbach/Roth SG"]
[BlackTeam "Forchheim SC"]

1. e4 c5 2. Nc3 a6 3. g3 b5 4. Bg2 Bb7 5. Nh3 e6 6. O-O d5 7. exd5 exd5 8. Re1+
Be7 9. Nf4 Nf6 10. Qe2 Ra7 11. a3 Ba8 12. d3 O-O 13. Bd2 Kh8 14. h4 Nc6 15.
Rac1 Nd4 16. Qd1 Bc6 17. Nce2 Nxe2+ 18. Qxe2 Bd6 19. Nh3 a5 20. Bf4 b4 21. Bxd6
Qxd6 22. Qe5 Qd7 23. Ng5 h6 24. Nf3 Qc7 25. Re2 Rb8 26. Rce1 bxa3 27. bxa3 Ba4
28. Qc3 d4 29. Qc4 Bb5 30. Qa2 Bc6 31. Re5 Qd6 32. Qc4 Bd5 33. Qa4 Kh7 34. Nd2
Bxg2 35. Kxg2 Ra6 36. Nc4 Qc7 37. Re7 Qc6+ 38. Kg1 Qxa4 0-1

[Event "Mittelfranken-EM (HT) 2009/10 59th"]
[Site "Forchheim (30.3.-3.4)"]
[Date "2010.04.02"]
[Round "8.5"]
[White "Miller, Eduard"]
[Black "Vogiatzis, Dimitrios"]
[Result "0-1"]
[WhiteElo "2055"]
[BlackElo "2062"]
[PlyCount "64"]
[EventDate "2010.04.??"]
[EventType "swiss"]
[EventRounds "9"]
[SourceDate "2010.07.06"]
[WhiteTeam "Forchheim SC"]
[BlackTeam "Nürnberg-NT SC"]

1. c4 e5 2. Nc3 Nc6 3. Nf3 f5 4. d4 e4 5. Ng5 h6 6. Nh3 g5 7. e3 Nf6 8. f3 exf3
9. Qxf3 d6 10. Qg3 Qe7 11. Be2 Bd7 12. O-O O-O-O 13. Bd3 Qh7 14. a3 Bg7 15. b4
Ne4 16. Bxe4 fxe4 17. Bb2 Qg6 18. Nf4 Qe8 19. Nfd5 Be6 20. Nxc7 Kxc7 21. d5 Kb8
22. Nxe4 Bxb2 23. Nxd6 Be5 24. Nxe8 Bxg3 25. hxg3 Rdxe8 26. e4 Ne5 27. dxe6
Rxe6 28. c5 a6 29. Rad1 Kc7 30. Rd5 Rhe8 31. Rfd1 R8e7 32. a4 Ng4 0-1

[Event "Mittelfranken-EM (HT) 2009/10 59th"]
[Site "Forchheim (30.3.-3.4)"]
[Date "2010.04.03"]
[Round "9.8"]
[White "Feldheim, Jonas"]
[Black "Miller, Eduard"]
[Result "0-1"]
[WhiteElo "1855"]
[BlackElo "2055"]
[PlyCount "104"]
[EventDate "2010.04.??"]
[EventType "swiss"]
[EventRounds "9"]
[SourceDate "2010.07.06"]
[WhiteTeam "Ansbach SC"]
[BlackTeam "Forchheim SC"]

1. e4 e5 2. Bc4 Nf6 3. d4 Qe7 4. Qe2 d6 5. dxe5 dxe5 6. Nc3 c6 7. Bg5 h6 8. Bh4
Nbd7 9. Nf3 Qc5 10. h3 Be7 11. a3 b5 12. Bb3 a5 13. Nd2 Ba6 14. Qd1 Rd8 15. f3
Nxe4 16. Ndxe4 Bxh4+ 17. g3 Qe3+ 18. Qe2 Qxe2+ 19. Kxe2 Be7 20. Kf2 Nc5 21.
Rad1 Nxb3 22. cxb3 O-O 23. Ne2 f5 24. N4c3 Bc5+ 25. Kg2 b4 26. Na4 Rxd1 27.
Rxd1 Bxe2 28. Re1 Bxf3+ 29. Kxf3 Bd4 30. Rc1 c5 31. axb4 axb4 32. Nxc5 Rc8 33.
Nd3 Rxc1 34. Nxc1 Bxb2 35. Nd3 Bc3 36. Nc5 Kf7 37. Ke2 e4 38. g4 g6 39. Ke3 Kf6
40. Nd7+ Ke7 41. Nb6 Ke6 42. Nc4 Kd5 43. Nb6+ Kc6 44. Nc4 Kc5 45. Na5 Bd4+ 46.
Ke2 f4 47. Nc4 Kd5 48. Nd2 Bc3 49. Nc4 Kd4 50. Nd6 f3+ 51. Kf1 e3 52. Nc4 e2+
0-1

[Event "Mittelfranken-EM (HT) 2009/10 59th"]
[Site "Forchheim (30.3.-3.4)"]
[Date "2010.03.30"]
[Round "1.4"]
[White "Ross, Thomas"]
[Black "Hirn, Oskar"]
[Result "0-1"]
[WhiteElo "1936"]
[BlackElo "2209"]
[PlyCount "72"]
[EventDate "2010.04.??"]
[EventType "swiss"]
[EventRounds "9"]
[SourceDate "2010.07.06"]
[WhiteTeam "Büchenbach/Roth SG"]
[BlackTeam "Nürnberg-NT SC"]

1. Nf3 Nf6 2. g3 d5 3. Bg2 c6 4. d3 Nbd7 5. Nbd2 e5 6. e4 Bd6 7. O-O O-O 8. Re1
Re8 9. c3 Nc5 10. Qc2 dxe4 11. dxe4 Bc7 12. Bf1 Bg4 13. b4 Ne6 14. h3 Bh5 15.
Bg2 a5 16. bxa5 Rxa5 17. Nb3 Ra4 18. Ng5 Nf8 19. Nc5 Ra7 20. Be3 Qa8 21. Nf3 b6
22. Nb3 Ra4 23. Nh4 Qa6 24. Bg5 N6d7 25. Bf1 Qa7 26. Nf5 f6 27. Be3 Kh8 28. Be2
Bf7 29. c4 Ra8 30. Nc1 Ne6 31. Rd1 Ndc5 32. Nh4 Nd4 33. Bxd4 exd4 34. Bd3 Nxd3
35. Qxd3 Bxc4 36. Qxd4 Be5 0-1

[Event "Mittelfranken-EM (HT) 2009/10 59th"]
[Site "Forchheim (30.3.-3.4)"]
[Date "2010.03.30"]
[Round "2.3"]
[White "Hirn, Oskar"]
[Black "Rausch, Wolfgang(64)"]
[Result "1-0"]
[WhiteElo "2209"]
[BlackElo "2015"]
[PlyCount "47"]
[EventDate "2010.04.??"]
[EventType "swiss"]
[EventRounds "9"]
[SourceDate "2010.07.06"]
[WhiteTeam "Nürnberg-NT SC"]
[BlackTeam "Nürnberg-NT SC"]

1. c4 g6 2. Nc3 Bg7 3. g3 e5 4. Bg2 Ne7 5. d3 O-O 6. h4 c6 7. h5 Na6 8. e4 Nc7
9. hxg6 hxg6 10. Qg4 f6 11. f4 d5 12. f5 d4 13. Nce2 gxf5 14. Qh5 fxe4 15. Bxe4
f5 16. Qh7+ Kf7 17. Nf3 Rh8 18. Nxe5+ Kf8 19. Qxh8+ Bxh8 20. Rxh8+ Ng8 21. Bh6+
Ke7 22. Bg5+ Nf6 23. Rxd8 Ne6 24. Bxf5 1-0

[Event "Mittelfranken-EM (HT) 2009/10 59th"]
[Site "Forchheim (30.3.-3.4)"]
[Date "2010.03.31"]
[Round "3.1"]
[White "Walter, Thomas(78)"]
[Black "Hirn, Oskar"]
[Result "1/2-1/2"]
[WhiteElo "2132"]
[BlackElo "2209"]
[PlyCount "24"]
[EventDate "2010.04.??"]
[EventType "swiss"]
[EventRounds "9"]
[SourceDate "2010.07.06"]
[WhiteTeam "Erlangen-48/88 SC"]
[BlackTeam "Nürnberg-NT SC"]

1. e4 g6 2. d4 Bg7 3. Nc3 d6 4. Bc4 Nc6 5. Nf3 Nf6 6. d5 Nb8 7. h3 O-O 8. Be3
c6 9. a4 cxd5 10. exd5 e5 11. dxe6 fxe6 12. Qd2 d5 1/2-1/2

[Event "Mittelfranken-EM (HT) 2009/10 59th"]
[Site "Forchheim (30.3.-3.4)"]
[Date "2010.03.31"]
[Round "4.2"]
[White "Hirn, Oskar"]
[Black "Liepold, Stefan"]
[Result "1-0"]
[WhiteElo "2209"]
[BlackElo "2191"]
[PlyCount "81"]
[EventDate "2010.04.??"]
[EventType "swiss"]
[EventRounds "9"]
[SourceDate "2010.07.06"]
[WhiteTeam "Nürnberg-NT SC"]
[BlackTeam "Erlangen-48/88 SC"]

1. c4 e5 2. Nc3 Nc6 3. g3 g6 4. Bg2 d6 5. d3 Bg7 6. e3 Nh6 7. Nge2 O-O 8. O-O
Be6 9. Nd5 Qd7 10. Re1 Bh3 11. Bh1 Nd8 12. Rb1 c6 13. Ndc3 f5 14. b4 Ne6 15. f3
f4 16. Ne4 fxe3 17. Bxe3 Nf5 18. Bf2 Bh6 19. d4 Nfxd4 20. Nxd4 exd4 21. Bxd4
Nxd4 22. Qxd4 Bg7 23. Qd2 a5 24. b5 c5 25. Bg2 Bd4+ 26. Kh1 Bxg2+ 27. Kxg2 d5
28. cxd5 Qxd5 29. a4 Rf7 30. Rbd1 Raf8 31. Rf1 Qb3 32. Qd3 Qxa4 33. Rd2 b6 34.
h4 Bf6 35. h5 Qd4 36. hxg6 hxg6 37. Qc2 Qe5 38. Rd6 Bg7 39. Rxg6 Rf5 40. Qc4+
R8f7 41. Nd6 1-0

[Event "Mittelfranken-EM (HT) 2009/10 59th"]
[Site "Forchheim (30.3.-3.4)"]
[Date "2010.04.01"]
[Round "5.1"]
[White "Hirn, Oskar"]
[Black "Klek, Hanna-Marie"]
[Result "1-0"]
[WhiteElo "2209"]
[BlackElo "2139"]
[PlyCount "59"]
[EventDate "2010.04.??"]
[EventType "swiss"]
[EventRounds "9"]
[SourceDate "2010.07.06"]
[WhiteTeam "Nürnberg-NT SC"]
[BlackTeam "Erlangen-48/88 SC"]

1. d4 d5 2. c4 e6 3. Nc3 Be7 4. Nf3 Nf6 5. Bg5 h6 6. Bf4 O-O 7. e3 b6 8. cxd5
Nxd5 9. Nxd5 Qxd5 10. Be2 Qd8 11. Qc2 Bd6 12. Rc1 Ba6 13. Qe4 Bxe2 14. Qxa8 Bb5
15. Qe4 Bb4+ 16. Nd2 c5 17. a3 Ba5 18. Bxb8 Qxb8 19. dxc5 Bxd2+ 20. Kxd2 Rd8+
21. Kc3 Bd3 22. Qf4 e5 23. Qb4 b5 24. b3 Qc7 25. Kb2 a5 26. Qc3 a4 27. b4 Be2
28. Rhe1 Rd3 29. Rxe2 Rxc3 30. Rxc3 1-0

[Event "Mittelfranken-EM (HT) 2009/10 59th"]
[Site "Forchheim (30.3.-3.4)"]
[Date "2010.04.02"]
[Round "7.1"]
[White "Hirn, Oskar"]
[Black "Vogiatzis, Dimitrios"]
[Result "1-0"]
[WhiteElo "2209"]
[BlackElo "2062"]
[PlyCount "93"]
[EventDate "2010.04.??"]
[EventType "swiss"]
[EventRounds "9"]
[SourceDate "2010.07.06"]
[WhiteTeam "Nürnberg-NT SC"]
[BlackTeam "Nürnberg-NT SC"]

1. Nf3 d5 2. c4 e6 3. g3 c6 4. Bg2 Be7 5. O-O h5 6. d4 h4 7. Nc3 hxg3 8. fxg3
Nf6 9. e4 Nxe4 10. Nxe4 dxe4 11. Ne5 Bf6 12. Bxe4 Bxe5 13. dxe5 Qxd1 14. Rxd1
Nd7 15. Bg5 O-O 16. Be7 Re8 17. Bd6 a5 18. Rac1 a4 19. Rc3 Ra5 20. Bc7 Rc5 21.
b4 axb3 22. axb3 b5 23. Rxd7 Bxd7 24. Bd6 b4 25. Rd3 Ra5 26. Bxb4 Rxe5 27. Bf3
c5 28. Bc3 Rf5 29. Be4 Bc8 30. Bxf5 exf5 31. Rd5 Kh7 32. Rxc5 Kg6 33. Kf2 Bb7
34. h4 Be4 35. b4 Rd8 36. b5 Rd3 37. Be5 f6 38. Bc7 Rb3 39. b6 Kh5 40. Rd5 Rb2+
41. Ke3 Kg4 42. Rd4 Rb3+ 43. Kd2 Kf3 44. h5 Rb1 45. Rd7 Rh1 46. Rxg7 Rxh5 47.
Bf4 1-0

[Event "Mittelfranken-EM (HT) 2009/10 59th"]
[Site "Forchheim (30.3.-3.4)"]
[Date "2010.04.02"]
[Round "8.1"]
[White "Wittmann, Helmut"]
[Black "Hirn, Oskar"]
[Result "0-1"]
[WhiteElo "2043"]
[BlackElo "2209"]
[PlyCount "82"]
[EventDate "2010.04.??"]
[EventType "swiss"]
[EventRounds "9"]
[SourceDate "2010.07.06"]
[WhiteTeam "Erlangen-BSGW"]
[BlackTeam "Nürnberg-NT SC"]

1. d4 Nf6 2. Nf3 c5 3. d5 e6 4. Nc3 d6 5. e4 exd5 6. Nxd5 Nxd5 7. Qxd5 Nc6 8.
Ng5 Qd7 9. Bc4 Ne5 10. Be2 Be7 11. f4 Bxg5 12. fxe5 Bh4+ 13. g3 Be7 14. exd6
Qxd6 15. Bb5+ Kf8 16. Bc4 Be6 17. Qxd6 Bxd6 18. Bxe6 fxe6 19. Be3 Ke8 20. O-O-O
Rd8 21. Rd3 b6 22. a4 Bc7 23. Rxd8+ Kxd8 24. a5 Rf8 25. Kd2 Be5 26. axb6 axb6
27. b4 cxb4 28. Bxb6+ Kd7 29. Bc5 Bc3+ 30. Kd3 Rc8 31. Kc4 e5 32. Kd5 Bd4 33.
Bxd4 exd4 34. e5 Rxc2 35. e6+ Ke7 36. Rf1 d3 37. Rd1 d2 38. Kd4 b3 39. Kd3 Kxe6
40. Rxd2 Rxd2+ 41. Kxd2 Kf5 0-1

[Event "Mittelfranken-EM (HT) 2009/10 59th"]
[Site "Forchheim (30.3.-3.4)"]
[Date "2010.04.03"]
[Round "9.1"]
[White "Meulner, Klaus"]
[Black "Hirn, Oskar"]
[Result "1-0"]
[WhiteElo "2102"]
[BlackElo "2209"]
[PlyCount "137"]
[EventDate "2010.04.??"]
[EventType "swiss"]
[EventRounds "9"]
[SourceDate "2010.07.06"]
[WhiteTeam "Nürnberg-Süd SW"]
[BlackTeam "Nürnberg-NT SC"]

1. d4 Nf6 2. Nc3 g6 3. e4 d6 4. Nf3 Bg7 5. h3 c6 6. Be3 Qa5 7. Qd2 Nbd7 8. Be2
O-O 9. O-O e5 10. Rfd1 Re8 11. dxe5 dxe5 12. Nd5 Qxd2 13. Nxf6+ Nxf6 14. Nxd2
Bf8 15. f3 Nd7 16. Nb3 Be7 17. a4 Nf8 18. Rd2 Ne6 19. Rad1 Rd8 20. Bc4 Rxd2 21.
Rxd2 Kf8 22. Kf2 Ke8 23. a5 Bh4+ 24. g3 Bd8 25. h4 h5 26. Rd1 Nf8 27. Bxf7+
Kxf7 28. Rxd8 Ne6 29. Rd1 Ke8 30. c3 Nf8 31. Nc5 b6 32. Nd3 Nd7 33. Nb4 c5 34.
Nd5 Rb8 35. axb6 axb6 36. Ra1 Bb7 37. Bg5 Bxd5 38. exd5 c4 39. Ke3 b5 40. Ra6
Kf7 41. Ra7 Ke8 42. Ke4 b4 43. Bd2 Nc5+ 44. Kxe5 b3 45. Rh7 Rb6 46. Rh8+ Kd7
47. Be3 Nd3+ 48. Ke4 Ra6 49. Rh7+ Kc8 50. Bf4 g5 51. hxg5 Nxb2 52. d6 Nd3 53.
g6 Nc5+ 54. Kd5 Nd7 55. Bc1 Nf6+ 56. Ke6 Ne8 57. Ke7 Nxd6 58. Rh8+ Kb7 59. g4
hxg4 60. fxg4 Kc6 61. g7 Ra7+ 62. Kf6 Ne4+ 63. Kg6 Rxg7+ 64. Kxg7 Nxc3 65. Kf6
Ne2 66. Bb2 c3 67. Bxc3 Nxc3 68. Rc8+ Kd5 69. Rxc3 1-0

[Event "Mittelfranken-EM (QT) 2009/10 59th"]
[Site "Forchheim (31.3.-3.4)"]
[Date "2010.03.31"]
[Round "1.17"]
[White "Schuetz, Robert(61)"]
[Black "Homfeldt, Maren"]
[Result "1-0"]
[WhiteElo "1579"]
[BlackElo "810"]
[PlyCount "73"]
[EventDate "2010.04.??"]
[EventType "swiss"]
[EventRounds "7"]
[SourceDate "2010.07.06"]
[WhiteTeam "Forchheim SC"]
[BlackTeam "Nürnberg-NT SC"]

1. e4 e6 2. d4 d5 3. Nc3 c5 4. exd5 exd5 5. dxc5 Be6 6. Be3 Nf6 7. Nf3 Nc6 8.
Bb5 Qc7 9. O-O a6 10. Ba4 Rd8 11. b4 Be7 12. Qe2 O-O 13. Bxc6 Qxc6 14. Ne5 Bg4
15. Nxc6 Bxe2 16. Nxe7+ Kh8 17. Nxe2 Rfe8 18. Nf5 g6 19. Nd6 Re7 20. Bd4 Kg7
21. Nc3 Re6 22. Nxd5 Rdxd6 23. cxd6 Rxd6 24. Bxf6+ Rxf6 25. Nxf6 Kxf6 26. Rfe1
Kg7 27. Rad1 b6 28. Rd6 a5 29. bxa5 bxa5 30. c4 g5 31. c5 g4 32. c6 f6 33. c7
Kg6 34. c8=Q Kg5 35. Qg8+ Kf5 36. Rd5+ Kf4 37. g3+ 1-0

[Event "Mittelfranken-EM (QT) 2009/10 59th"]
[Site "Forchheim (31.3.-3.4)"]
[Date "2010.03.31"]
[Round "2.8"]
[White "Thuerauf, Peter"]
[Black "Schuetz, Robert(61)"]
[Result "0-1"]
[WhiteElo "1790"]
[BlackElo "1579"]
[PlyCount "126"]
[EventDate "2010.04.??"]
[EventType "swiss"]
[EventRounds "7"]
[SourceDate "2010.07.06"]
[WhiteTeam "Nürnberg-Süd SW"]
[BlackTeam "Forchheim SC"]

1. d4 d5 2. Nf3 Nf6 3. c4 dxc4 4. Nc3 a6 5. a4 e6 6. e3 c5 7. Bxc4 Nc6 8. O-O
cxd4 9. exd4 Be7 10. Be3 O-O 11. Rc1 Nb4 12. Qe2 Bd7 13. Rfd1 Nfd5 14. Bb3 Rc8
15. Ne5 Bc6 16. Qg4 Nxe3 17. fxe3 Bd5 18. Nxd5 Nxd5 19. Qf3 Rxc1 20. Rxc1 Bg5
21. Bxd5 Qxd5 22. Qxd5 Bxe3+ 23. Kf1 exd5 24. Rd1 Rc8 25. Ke2 Bf4 26. g3 Bxe5
27. dxe5 Rc2+ 28. Kf3 Rxb2 29. Rxd5 Kf8 30. h3 Rb3+ 31. Kf4 Rb4+ 32. Kf5 Rxa4
33. e6 fxe6+ 34. Kxe6 Re4+ 35. Kd7 Re7+ 36. Kd8 Kf7 37. Rd3 Re8+ 38. Kd7 Re2
39. Rf3+ Kg6 40. Rf4 h5 41. Rd4 Re3 42. Rd6+ Kf5 43. Rd5+ Re5 44. Rd4 a5 45.
Kd6 Rb5 46. Rf4+ Kg6 47. Re4 Rb3 48. Re6+ Kh7 49. Re5 a4 50. Rxh5+ Kg6 51. g4
a3 52. h4 Rd3+ 53. Ke7 Re3+ 54. Kd6 a2 55. Rg5+ Kh7 56. Rh5+ Kg8 57. Ra5 Re2
58. g5 g6 59. Ra8+ Kg7 60. Ra7 Rb2 61. Ke6 Rb6+ 62. Ke5 Ra6 63. Rxb7+ Kf8 0-1

[Event "Mittelfranken-EM (QT) 2009/10 59th"]
[Site "Forchheim (31.3.-3.4)"]
[Date "2010.04.01"]
[Round "3.1"]
[White "Schuetz, Robert(61)"]
[Black "Bolten, Daniel"]
[Result "0-1"]
[WhiteElo "1579"]
[BlackElo "1888"]
[PlyCount "70"]
[EventDate "2010.04.??"]
[EventType "swiss"]
[EventRounds "7"]
[SourceDate "2010.07.06"]
[WhiteTeam "Forchheim SC"]
[BlackTeam "Nürnberg-Süd SW"]

1. e4 d5 2. exd5 Qxd5 3. Nc3 Qd6 4. Nf3 Nf6 5. d4 a6 6. Bc4 b5 7. Bb3 Bb7 8.
O-O e6 9. Re1 Be7 10. h3 O-O 11. Be3 Nbd7 12. Qe2 c5 13. dxc5 Nxc5 14. Rad1 Qc6
15. Bf4 Rad8 16. Qe5 b4 17. Ne2 Nxb3 18. cxb3 Nd5 19. Ned4 Qb6 20. Bg3 Bd6 21.
Qe2 Bxg3 22. fxg3 Nf6 23. Qe3 h6 24. Nc2 Qc7 25. Nxb4 Rxd1 26. Rxd1 Bxf3 27.
Qxf3 Qc5+ 28. Kh2 Qxb4 29. Qc3 a5 30. Rd4 Qxc3 31. bxc3 Nd5 32. c4 Nb4 33. c5
Rc8 34. a3 Nc2 35. Rd2 Rxc5 0-1

[Event "Mittelfranken-EM (QT) 2009/10 59th"]
[Site "Forchheim (31.3.-3.4)"]
[Date "2010.04.01"]
[Round "4.4"]
[White "Fett, Helmut"]
[Black "Schuetz, Robert(61)"]
[Result "1/2-1/2"]
[WhiteElo "1702"]
[BlackElo "1579"]
[PlyCount "44"]
[EventDate "2010.04.??"]
[EventType "swiss"]
[EventRounds "7"]
[SourceDate "2010.07.06"]
[WhiteTeam "Erlangen-Siemens SG"]
[BlackTeam "Forchheim SC"]

1. b4 d5 2. Bb2 Qd6 3. a3 e5 4. e3 Be6 5. d3 Nd7 6. Nf3 Be7 7. Nbd2 f5 8. Ng5
Ngf6 9. Nxe6 Qxe6 10. Nf3 O-O 11. c4 Rad8 12. Qc2 dxc4 13. Ng5 Qc6 14. dxc4 Ne4
15. Nf3 Bf6 16. c5 Ng5 17. Nxg5 Bxg5 18. Bc4+ Kh8 19. O-O e4 20. Rad1 Bf6 21.
Bd4 Ne5 22. Bxe5 Bxe5 1/2-1/2

[Event "Mittelfranken-EM (QT) 2009/10 59th"]
[Site "Forchheim (31.3.-3.4)"]
[Date "2010.04.02"]
[Round "5.8"]
[White "Schuetz, Robert(61)"]
[Black "Siegl, Pascal"]
[Result "0-1"]
[WhiteElo "1579"]
[BlackElo "1576"]
[PlyCount "30"]
[EventDate "2010.04.??"]
[EventType "swiss"]
[EventRounds "7"]
[SourceDate "2010.07.06"]
[WhiteTeam "Forchheim SC"]
[BlackTeam "Nürnberg-Süd SW"]

1. e4 e5 2. Nf3 Nc6 3. Bb5 a6 4. Ba4 Nf6 5. O-O b5 6. Bb3 Be7 7. Re1 O-O 8. h3
Bb7 9. c3 d5 10. exd5 Nxd5 11. Nxe5 Nxe5 12. Rxe5 Nf4 13. f3 Bd6 14. Re3 Qg5
15. Qf1 Qg3 0-1

[Event "Mittelfranken-EM (QT) 2009/10 59th"]
[Site "Forchheim (31.3.-3.4)"]
[Date "2010.04.02"]
[Round "6.11"]
[White "Stahl, Peter(92)"]
[Black "Schuetz, Robert(61)"]
[Result "1-0"]
[WhiteElo "1470"]
[BlackElo "1579"]
[PlyCount "95"]
[EventDate "2010.04.??"]
[EventType "swiss"]
[EventRounds "7"]
[SourceDate "2010.07.06"]
[WhiteTeam "Wolframs-Eschenbach SAbt"]
[BlackTeam "Forchheim SC"]

1. b4 d5 2. Bb2 Qd6 3. a3 e5 4. e3 Be6 5. Nf3 Nd7 6. Bb5 c6 7. Be2 Be7 8. O-O
f5 9. d3 Nh6 10. Nbd2 Ng4 11. Ne1 O-O 12. Bxg4 fxg4 13. e4 Nf6 14. exd5 cxd5
15. Qe2 d4 16. Nc4 Bxc4 17. dxc4 Rad8 18. Nd3 e4 19. Nc5 d3 20. cxd3 exd3 21.
Qe6+ Kh8 22. Qxd6 Rxd6 23. Rad1 d2 24. Nxb7 Rd7 25. Na5 Rfd8 26. Nc6 Rc8 27.
Nxe7 Rxe7 28. Bxf6 gxf6 29. Rxd2 Rxc4 30. Rd3 Rec7 31. f3 Rc3 32. Rxc3 Rxc3 33.
fxg4 Rxa3 34. Rxf6 Rb3 35. Ra6 Rxb4 36. h3 Rb7 37. Kf2 Rf7+ 38. Kg3 Kg8 39. h4
Kh8 40. g5 Kg8 41. Kg4 Kh8 42. h5 Kg7 43. Rc6 Rf8 44. Rc7+ Rf7 45. Rxf7+ Kxf7
46. Kf4 Ke6 47. Ke4 a5 48. g4 1-0

[Event "Mittelfranken-EM (QT) 2009/10 59th"]
[Site "Forchheim (31.3.-3.4)"]
[Date "2010.04.03"]
[Round "7.13"]
[White "Schuetz, Robert(61)"]
[Black "Karataev, Phillip"]
[Result "1-0"]
[WhiteElo "1579"]
[BlackElo "1326"]
[PlyCount "49"]
[EventDate "2010.04.??"]
[EventType "swiss"]
[EventRounds "7"]
[SourceDate "2010.07.06"]
[WhiteTeam "Forchheim SC"]
[BlackTeam "Erlangen-48/88 SC"]

1. d4 d5 2. Nf3 Nf6 3. e3 e6 4. Bd3 c5 5. c3 b6 6. Qe2 c4 7. Bc2 Bd6 8. Nbd2
Qc7 9. O-O Bb7 10. e4 dxe4 11. Nxe4 Nxe4 12. Bxe4 Bxe4 13. Qxe4 Qc6 14. Qg4 g6
15. Bh6 Nd7 16. Rfe1 O-O-O 17. Ng5 Nf6 18. Qe2 Rd7 19. Bg7 Nh5 20. Bxh8 f6 21.
Qe4 Qd5 22. Nxe6 Qxe4 23. Rxe4 Re7 24. Rae1 Re8 25. Bg7 1-0